000 01181cam a2200253La 4500
001 whatsobjectwayto00deck
003 CaSfIA
005 20210119121854.0
007 cr||||
008 820205s1980 idua 000 0 eng d
040 _aUBY
_cUBY
_dRIC
_dCaSfIA
035 _a(OCoLC)13961926
050 4 _aLB1520
_b.D43 1980
100 1 _aDecker, Neil A.
245 1 0 _aWhat's the object :
_h[electronic resource]
_ba way to reach them /
_cby Niel [sic] W. Decker ; illustrated by Paul Farber.
260 _aEagle, Idaho :
_bN.W. Decker,
_cc1980.
300 _a149 p. :
_bill. ;
_c22 cm.
650 0 _aObject-teaching.
856 4 1 _uhttp://www.archive.org/details/whatsobjectwayto00deck
_zFree eBook from the Internet Archive
856 4 2 _uhttp://www.openlibrary.org/books/OL24237125M
_zAdditional information and access via Open Library
942 _cEB
506 _fНеобхідна авторизація на https://archive.org/ (створення облікового запису безкоштовно)
506 _fНеобхідна авторизація на https://openlibrary.org/ (створення облікового запису безкоштовно)
999 _c564779
_d564779